[Event "Festival INGEM - PLZEŇ 2013"]
[Site "Plzeň (Česká republika)"]
[Date "2013.08.18"]
[Round "2.6"]
[White "Janecek, Pavel"]
[Black "Klement, Lukas"]
[Result "1/2-1/2"]
[WhiteElo "1892"]
[BlackElo "2241"]
[PlyCount "142"]
[EventDate "2013.08.17"]
[Source "ChessBase"]
[SourceDate "1996.11.15"]

1. e4 c5 2. c3 d5 3. exd5 Qxd5 4. d4 Nc6 5. Nf3 e5 6. Nbd2 cxd4 7. Bc4 Qd6 8.
O-O Be6 9. cxd4 exd4 10. Re1 O-O-O 11. Bxe6+ fxe6 12. Ng5 Qd7 13. Nxe6 Re8 14.
Nxf8 Rxf8 15. Ne4 Nf6 16. Bf4 Nxe4 17. Rxe4 Re8 18. Rxe8+ Rxe8 19. Rc1 Re4 20.
Bg3 d3 21. f3 Re2 22. Rc3 Qd4+ 23. Kf1 Rxb2 24. Rxd3 Qc4 25. Kg1 Qc5+ 26. Kf1
Qb5 27. a4 Qc4 28. Kg1 Qc2 29. Qxc2 Rxc2 30. Ra3 b6 31. h4 Ne7 32. Be5 g6 33.
g4 Kb7 34. f4 Nc6 35. Bg7 Rc4 36. Bh6 Nd4 37. Kf2 Kc6 38. Kg3 a5 39. Bg5 Ne2+
40. Kf3 Rc3+ 41. Rxc3+ Nxc3 42. f5 gxf5 43. gxf5 Kd5 44. Kg4 Nxa4 45. Bd8 Kd6
46. f6 Ke6 47. Kg5 Nc3 48. Bxb6 a4 49. Bd4 Ne4+ 50. Kh6 Nxf6 51. Kg7 Nh5+ 52.
Kxh7 Ng3 53. Bb2 Nf5 54. h5 Kf7 55. Ba3 Kf6 56. Bc1 Ng3 57. h6 Kf7 58. Bb2 Nf5
59. Bc1 Ne7 60. Ba3 Ng6 61. Bc1 Nf8+ 62. Kh8 Kg6 63. Kg8 Nh7 64. Kh8 Nf6 65.
Bb2 Ng4 66. Kg8 Nxh6+ 67. Kf8 Nf5 68. Ke8 Ne3 69. Kd7 Kf5 70. Kc6 Nc4 71. Bc1
Ke4 1/2-1/2

[Event "Festival INGEM - PLZEŇ 2013"]
[Site "Plzeň (Česká republika)"]
[Date "2013.08.18"]
[Round "2.7"]
[White "Haba, Zdenek"]
[Black "Stancik, Jakub"]
[Result "1-0"]
[WhiteElo "2241"]
[BlackElo "1895"]
[PlyCount "79"]
[EventDate "2013.08.17"]
[Source "ChessBase"]
[SourceDate "1996.11.15"]

1. d4 f5 2. Nc3 Nf6 3. Bg5 e6 4. e4 fxe4 5. Nxe4 Be7 6. Bxf6 Bxf6 7. Qh5+ g6 8.
Qh6 Nc6 9. Nf3 Qe7 10. Nxf6+ Qxf6 11. O-O-O d6 12. h4 Bd7 13. Qg5 Rf8 14. Bd3
O-O-O 15. c3 Ne7 16. Be4 Qf4+ 17. Qxf4 Rxf4 18. Rde1 Rdf8 19. h5 R4f6 20. Ng5
Rxf2 21. Nxh7 Rg8 22. hxg6 Nxg6 23. Rhf1 Rxf1 24. Rxf1 Be8 25. Rf6 e5 26. Bf5+
Kd8 27. g4 Rg7 28. Ng5 Nf4 29. Nf3 exd4 30. Nxd4 Rf7 31. Rh6 Rg7 32. Kd2 Bd7
33. Rh8+ Ke7 34. Ke3 Ng6 35. Ra8 a6 36. Ra7 Ne5 37. Rxb7 c5 38. Nc6+ Nxc6 39.
Rxd7+ Kf6 40. Rxd6+ 1-0

[Event "Festival INGEM - PLZEŇ 2013"]
[Site "Plzeň (Česká republika)"]
[Date "2013.08.18"]
[Round "2.8"]
[White "Hladik, Pavel"]
[Black "Sabuk, Piotr"]
[Result "0-1"]
[WhiteElo "1890"]
[BlackElo "2239"]
[PlyCount "70"]
[EventDate "2013.08.17"]
[Source "ChessBase"]
[SourceDate "1996.11.15"]

1. d4 Nf6 2. c4 e6 3. Nf3 d5 4. Nc3 Be7 5. Bg5 h6 6. Bf4 O-O 7. e3 c5 8. Qc2
cxd4 9. exd4 Nc6 10. O-O-O Bd7 11. Rg1 dxc4 12. Bxc4 Rc8 13. Bb3 b5 14. Kb1 b4
15. Ne4 Nd5 16. Qd2 Na5 17. Bxh6 Nxb3 18. axb3 gxh6 19. Qxh6 Qc7 20. Nfg5 Qc2+
21. Ka1 Nf6 22. Rd2 Qxe4 23. Nxe4 Nxe4 24. Rd3 e5 25. Rh3 Bxh3 26. gxh3+ Bg5
27. f3 Rc1+ 28. Rxc1 Bxh6 29. Rg1+ Kh7 30. fxe4 exd4 31. Kb1 d3 32. Rd1 Rd8 33.
Rg1 Rd4 34. Re1 d2 35. Rd1 Rxe4 0-1

[Event "Festival INGEM - PLZEŇ 2013"]
[Site "Plzeň (Česká republika)"]
[Date "2013.08.18"]
[Round "2.9"]
[White "Siembab, Bartosz"]
[Black "Vachal, Josef"]
[Result "1-0"]
[WhiteElo "2223"]
[BlackElo "1891"]
[PlyCount "51"]
[EventDate "2013.08.17"]
[Source "ChessBase"]
[SourceDate "1996.11.15"]

1. d4 Nf6 2. c4 g6 3. Nc3 d5 4. Bg5 dxc4 5. e4 Bg7 6. Bxc4 O-O 7. Nge2 b6 8. e5
Ne8 9. h4 h6 10. Be3 e6 11. Qd2 Bb7 12. f3 Nc6 13. O-O-O h5 14. Rhg1 Ne7 15.
Bg5 Qd7 16. Nf4 c5 17. Qf2 Nd5 18. dxc5 Bxe5 19. Nfxd5 exd5 20. Nxd5 Qa4 21.
Bb3 Qb5 22. Rge1 Bxd5 23. Bxd5 Bxb2+ 24. Qxb2 Qxc5+ 25. Kb1 Rc8 26. Be7 1-0

[Event "Festival INGEM - PLZEŇ 2013"]
[Site "Plzeň (Česká republika)"]
[Date "2013.08.18"]
[Round "2.10"]
[White "Hajek, Jiri"]
[Black "Folk, Petr"]
[Result "0-1"]
[WhiteElo "1879"]
[BlackElo "2218"]
[PlyCount "124"]
[EventDate "2013.08.17"]
[Source "ChessBase"]
[SourceDate "1996.11.15"]

1. e4 c5 2. Nf3 e6 3. Nc3 a6 4. g3 Nc6 5. Bg2 d6 6. O-O Nf6 7. b3 Be7 8. Bb2
O-O 9. Re1 Qc7 10. d4 cxd4 11. Nxd4 Bd7 12. Nce2 Rfd8 13. c4 Rac8 14. Rc1 Qb8
15. Nxc6 Bxc6 16. Nd4 Be8 17. Qf3 b5 18. cxb5 axb5 19. e5 dxe5 20. Nc6 Rxc6 21.
Rxc6 e4 22. Qc3 b4 23. Qc2 Bxc6 24. Qxc6 Rc8 25. Be5 Rxc6 26. Bxb8 Rc2 27. Ba7
Rxa2 28. Bd4 Rd2 29. Be3 Rd8 30. Rc1 Nd5 31. Bxe4 Nxe3 32. fxe3 Bg5 33. Kf2 f5
34. Bb1 Rd2+ 35. Kf3 Rxh2 36. Rc4 Be7 37. e4 g6 38. Rc6 Rb2 39. Bc2 Kf7 40.
exf5 exf5 41. Kf4 Ke8 42. g4 fxg4 43. Kxg4 Kd7 44. Rc4 Bf6 45. Kf3 Bc3 46. Bd1
Rh2 47. Rg4 Rd2 48. Be2 Rd4 49. Rxd4+ Bxd4 50. Kg4 Bf6 51. Bc4 Ke7 52. Bg8 h5+
53. Kf4 Kf8 54. Bd5 Kg7 55. Be4 Bd4 56. Bf3 Kh6 57. Bg2 Bb6 58. Bh3 Bc7+ 59.
Kf3 g5 60. Bf5 g4+ 61. Kg2 Kg5 62. Be4 h4 0-1

[Event "Festival INGEM - PLZEŇ 2013"]
[Site "Plzeň (Česká republika)"]
[Date "2013.08.18"]
[Round "2.11"]
[White "Fiala, Jaroslav"]
[Black "Kalista, Karel"]
[Result "1-0"]
[WhiteElo "2193"]
[BlackElo "1880"]
[PlyCount "79"]
[EventDate "2013.08.17"]
[Source "ChessBase"]
[SourceDate "1996.11.15"]

1. d4 d5 2. Nf3 Nf6 3. c4 e6 4. Nc3 Be7 5. Qc2 c6 6. e3 Nbd7 7. Bd3 dxc4 8.
Bxc4 b6 9. O-O O-O 10. e4 Bb7 11. e5 Nd5 12. Nxd5 exd5 13. Bd3 h6 14. Bf4 Re8
15. Qd2 Bf8 16. Rfe1 c5 17. Bf5 c4 18. e6 fxe6 19. Bxe6+ Kh8 20. Re3 Be7 21.
Rae1 Bf6 22. Bxh6 gxh6 23. Bxd7 Rxe3 24. Qxe3 Kg7 25. Qe6 Bc8 26. Qg4+ Kh7 27.
Bf5+ Bxf5 28. Qxf5+ Kg7 29. g3 Rc8 30. Ne5 Qe8 31. Re3 Rc7 32. Nf3 Qd7 33. Re6
Qf7 34. Ne5 Bxe5 35. Qxe5+ Kh7 36. Qxd5 b5 37. Qe4+ Kg7 38. d5 b4 39. Qe3 c3
40. Qxh6+ 1-0

[Event "Festival INGEM - PLZEŇ 2013"]
[Site "Plzeň (Česká republika)"]
[Date "2013.08.18"]
[Round "2.12"]
[White "Kozak, Milos"]
[Black "Bartosek, Ivan"]
[Result "1-0"]
[WhiteElo "2178"]
[BlackElo "1855"]
[PlyCount "57"]
[EventDate "2013.08.17"]
[Source "ChessBase"]
[SourceDate "1996.11.15"]

1. Nf3 f5 2. d4 d5 3. g3 Nf6 4. Bg2 e6 5. O-O c5 6. c4 dxc4 7. Qa4+ b5 8. Qxb5+
Bd7 9. Qxc4 Nc6 10. dxc5 Rc8 11. b4 h6 12. Bb2 Be7 13. Nh4 g5 14. Ng6 Rg8 15.
Nxe7 Qxe7 16. b5 Nb8 17. c6 Kf7 18. Qd4 Be8 19. Nc3 e5 20. Qa4 Kg6 21. Nd5 Nxd5
22. Bxd5 Bf7 23. Bxf7+ Kxf7 24. Rfd1 e4 25. Rd5 Kg6 26. Rad1 e3 27. Rd6+ Kh5
28. f3 Rgd8 29. g4+ 1-0

[Event "Festival INGEM - PLZEŇ 2013"]
[Site "Plzeň (Česká republika)"]
[Date "2013.08.18"]
[Round "2.13"]
[White "Pokomandy, Mikulas"]
[Black "Simunek, Filip"]
[Result "0-1"]
[WhiteElo "1828"]
[BlackElo "2129"]
[PlyCount "44"]
[EventDate "2013.08.17"]
[Source "ChessBase"]
[SourceDate "1996.11.15"]

1. Nf3 d6 2. d4 f5 3. c4 Nf6 4. g3 g6 5. Bg2 Bg7 6. O-O O-O 7. Nc3 Qe8 8. Re1
c6 9. e3 Na6 10. b3 e5 11. dxe5 dxe5 12. Bb2 e4 13. Nd4 Qe7 14. Qc1 Ng4 15. Ba3
Nb4 16. Bxb4 Qxb4 17. a3 Qe7 18. f4 exf3 19. Nxf3 Qf6 20. Nd4 Nxe3 21. Qxe3
Qxd4 22. Rac1 Qxe3+ 0-1

[Event "Festival INGEM - PLZEŇ 2013"]
[Site "Plzeň (Česká republika)"]
[Date "2013.08.18"]
[Round "2.14"]
[White "Eretova, Jana"]
[Black "Roew, Rolf"]
[Result "0-1"]
[WhiteElo "2093"]
[BlackElo "1819"]
[PlyCount "72"]
[EventDate "2013.08.17"]
[Source "ChessBase"]
[SourceDate "1996.11.15"]

1. e4 e5 2. Nf3 Nc6 3. d4 exd4 4. Bc4 Nf6 5. O-O d5 6. exd5 Nxd5 7. Ng5 Be6 8.
Re1 Qd7 9. Nxe6 fxe6 10. Qh5+ Kd8 11. Bg5+ Be7 12. Bxe7+ Ncxe7 13. Qe5 c5 14.
Nd2 Ng6 15. Qg5+ Kc7 16. Ne4 b6 17. Qg3+ e5 18. c3 Rad8 19. cxd4 cxd4 20. a4
Rhf8 21. Bb5 Qe7 22. a5 Kb8 23. axb6 Nxb6 24. Rec1 Rc8 25. Bc6 Nf4 26. Kf1 Qb4
27. Qxg7 Rc7 28. Qxe5 Nd3 29. Qg3 Nxc1 30. Rxc1 Qxb2 31. Re1 Qc2 32. Qd6 Rfc8
33. Nc5 Qa2 34. Kg1 a6 35. Bb7 Qa5 36. Bxc8 Qxe1# 0-1

[Event "Festival INGEM - PLZEŇ 2013"]
[Site "Plzeň (Česká republika)"]
[Date "2013.08.18"]
[Round "2.15"]
[White "Kopriva, Martin"]
[Black "Kozusek, Daniel"]
[Result "0-1"]
[WhiteElo "1816"]
[BlackElo "2078"]
[PlyCount "68"]
[EventDate "2013.08.17"]
[Source "ChessBase"]
[SourceDate "1996.11.15"]

1. e4 c5 2. Nf3 Nc6 3. d4 cxd4 4. Nxd4 g6 5. Nc3 Bg7 6. Be3 Nf6 7. Nxc6 bxc6 8.
e5 Ng8 9. f4 f6 10. f5 fxe5 11. fxg6 Nf6 12. gxh7 d5 13. Bg5 Rxh7 14. Bd3 e4
15. Bxf6 Bxf6 16. Nxe4 dxe4 17. Bxe4 Qa5+ 18. c3 Bxc3+ 19. bxc3 Qxc3+ 20. Kf2
Qc5+ 21. Ke2 Ba6+ 22. Bd3 Qe5+ 23. Kf3 Rf7+ 24. Kg4 Bc8+ 25. Kh4 Qh8+ 26. Kg5
Qe5+ 27. Kh6 Qh8+ 28. Kg5 Qf6+ 29. Kh5 Rg7 30. h4 Bg4+ 31. Qxg4 Rxg4 32. Kxg4
Qd4+ 33. Kh3 Qxd3+ 34. g3 Qf5+ 0-1

[Event "Festival INGEM - PLZEŇ 2013"]
[Site "Plzeň (Česká republika)"]
[Date "2013.08.18"]
[Round "2.16"]
[White "Kireev, Aleksei"]
[Black "Smrckova, Svetlana"]
[Result "1-0"]
[WhiteElo "2337"]
[BlackElo "1607"]
[PlyCount "77"]
[EventDate "2013.08.17"]
[Source "ChessBase"]
[SourceDate "1996.11.15"]

1. d4 d5 2. Bg5 Bf5 3. e3 Nf6 4. Bxf6 gxf6 5. c4 c6 6. Nc3 e6 7. Qb3 Qb6 8.
Qxb6 axb6 9. cxd5 exd5 10. Kd2 Rg8 11. Nge2 Na6 12. Ng3 Bg6 13. h4 h5 14. Be2
Be7 15. Rag1 Rh8 16. f4 f5 17. Bd3 Nb4 18. Bxf5 Nxa2 19. Ra1 Bb4 20. Bxg6 fxg6
21. Kc2 Bxc3 22. bxc3 Kf7 23. Kb3 Nxc3 24. Kxc3 Rae8 25. Kd3 Re7 26. Rhe1 Rhe8
27. Nh1 c5 28. Nf2 c4+ 29. Kd2 Rc7 30. Nd1 Ke6 31. Nc3 Rd7 32. Reb1 Rd6 33. Rb5
Rc8 34. Rab1 Rcc6 35. Ke2 Kf5 36. Nxd5 Kg4 37. Nf6+ Rxf6 38. Rg5+ Kxh4 39. Rh1#
1-0

[Event "Festival INGEM - PLZEŇ 2013"]
[Site "Plzeň (Česká republika)"]
[Date "2013.08.18"]
[Round "2.17"]
[White "Heidebreck, Rainer"]
[Black "Chudinovskikh, Alexander M"]
[Result "0-1"]
[WhiteElo "1761"]
[BlackElo "2320"]
[PlyCount "72"]
[EventDate "2013.08.17"]
[Source "ChessBase"]
[SourceDate "1996.11.15"]

1. e4 e5 2. Nf3 Nc6 3. c3 Nf6 4. d4 d6 5. d5 Ne7 6. Bd3 g6 7. O-O Bg7 8. c4 O-O
9. Nc3 Nh5 10. Ne2 f5 11. Ng3 Nxg3 12. hxg3 h6 13. exf5 Nxf5 14. Be4 a5 15. a4
Bd7 16. Bd2 g5 17. Nh2 c5 18. Ra3 Qe8 19. Re1 Nd4 20. Be3 Rc8 21. f4 exf4 22.
Bxf4 gxf4 23. Bh7+ Kxh7 24. Rxe8 Rcxe8 25. g4 Re7 26. Rh3 Ne2+ 27. Kh1 Ng3+ 28.
Rxg3 fxg3 29. Qd3+ Kg8 30. Qxg3 Re4 31. Nf3 Bxg4 32. Nd2 Rd4 33. Qe3 Rxd2 34.
Qxd2 Rf1+ 35. Kh2 Be5+ 36. g3 Bf3 0-1

[Event "Festival INGEM - PLZEŇ 2013"]
[Site "Plzeň (Česká republika)"]
[Date "2013.08.18"]
[Round "2.18"]
[White "Vojir, Vaclav"]
[Black "Jurek, Josef"]
[Result "0-1"]
[WhiteElo "1667"]
[BlackElo "2276"]
[PlyCount "42"]
[EventDate "2013.08.17"]
[Source "ChessBase"]
[SourceDate "1996.11.15"]

1. d4 Nf6 2. Nf3 c5 3. e3 g6 4. g3 b6 5. Bg2 Bb7 6. O-O Bg7 7. Nc3 O-O 8. a3 d6
9. Re1 e6 10. b3 a6 11. Bb2 Qc7 12. a4 Nbd7 13. Qd3 Rfd8 14. e4 cxd4 15. Nxd4
Nc5 16. Qd2 e5 17. Nde2 Ncxe4 18. Nxe4 Bxe4 19. Bxe4 Nxe4 20. Qd1 Qc6 21. c3
Ng5 0-1

[Event "Festival INGEM - PLZEŇ 2013"]
[Site "Plzeň (Česká republika)"]
[Date "2013.08.18"]
[Round "2.19"]
[White "Furbacher, Milan"]
[Black "Pokrupa, Marek"]
[Result "0-1"]
[WhiteElo "1599"]
[BlackElo "2192"]
[PlyCount "120"]
[EventDate "2013.08.17"]
[Source "ChessBase"]
[SourceDate "1996.11.15"]

1. e4 c5 2. Nf3 g6 3. d4 cxd4 4. Nxd4 Bg7 5. Be3 Nc6 6. Nc3 Nf6 7. Be2 O-O 8.
O-O d5 9. exd5 Nxd5 10. Nxd5 Qxd5 11. Bf3 Qa5 12. Nxc6 bxc6 13. c3 Rb8 14. b4
Qa3 15. Qc1 Qxc3 16. Qxc3 Bxc3 17. Rac1 Bxb4 18. Bxc6 a5 19. Ba7 Ba6 20. Bxb8
Bxf1 21. Kxf1 Rxb8 22. a4 Rd8 23. Rc2 Rd3 24. g3 Kg7 25. Kg2 f5 26. Re2 Kf6 27.
f3 Bd2 28. Bb5 Rd4 29. Be8 e5 30. Bc6 Ke6 31. Bb5 Kd5 32. Ba6 Bb4 33. Bb7+ Kd6
34. Ba6 Bc5 35. Bb5 Rb4 36. Rd2+ Bd4 37. Rc2 e4 38. fxe4 fxe4 39. Re2 Kd5 40.
Be8 Bc3 41. Kf2 Rb8 42. Bb5 Kd4 43. Kf1 e3 44. Kg2 Bd2 45. Kf3 Rf8+ 46. Kg2 Rf5
47. Ba6 Kc3 48. Bb5 Kb4 49. Bd7 Rd5 50. Bc6 Rc5 51. Bd7 Rd5 52. Bc6 Rd6 53. Bb5
Rf6 54. Be8 Kb3 55. Bb5 Rf8 56. Bd7 Rd8 57. Bb5 Rd4 58. Kf3 Rxa4 59. Bxa4+ Kxa4
60. Rg2 Kb3 0-1

[Event "Festival INGEM - PLZEŇ 2013"]
[Site "Plzeň (Česká republika)"]
[Date "2013.08.18"]
[Round "2.22"]
[White "Holy, Filip"]
[Black "Palkova, Hana"]
[Result "1/2-1/2"]
[WhiteElo "1660"]
[BlackElo "1992"]
[PlyCount "82"]
[EventDate "2013.08.17"]
[Source "ChessBase"]
[SourceDate "1996.11.15"]

1. e4 c5 2. Nf3 e6 3. b3 Nc6 4. Bb2 d6 5. Bb5 Bd7 6. O-O a6 7. Bxc6 Bxc6 8. Re1
e5 9. a4 Nf6 10. d3 b5 11. axb5 axb5 12. Nbd2 Be7 13. Qe2 O-O 14. Rxa8 Qxa8 15.
Ra1 Qb7 16. Nf1 Ra8 17. Qd1 g6 18. Ne3 Nh5 19. Ne1 Nf4 20. g3 Ne6 21. h4 Ng7
22. Qd2 Rxa1 23. Bxa1 Qd7 24. Qa5 Bd8 25. Qa6 Qb7 26. Qxb7 Bxb7 27. c4 b4 28.
Nd5 f5 29. Bb2 Ne6 30. Nc2 Kf7 31. Kg2 fxe4 32. dxe4 Nd4 33. Bxd4 exd4 34. Ne1
Bxd5 35. exd5 g5 36. hxg5 Bxg5 37. f4 Be7 38. Kf3 h5 39. g4 Bh4 40. Nd3 hxg4+
41. Kxg4 Be7 1/2-1/2

[Event "Festival INGEM - PLZEŇ 2013"]
[Site "Plzeň (Česká republika)"]
[Date "2013.08.18"]
[Round "2.24"]
[White "Janska, Jitka"]
[Black "Kovarik, Matyas"]
[Result "1-0"]
[WhiteElo "1939"]
[BlackElo "1562"]
[PlyCount "63"]
[EventDate "2013.08.17"]
[Source "ChessBase"]
[SourceDate "1996.11.15"]

1. e4 e6 2. d4 d5 3. exd5 exd5 4. c4 Nf6 5. Nc3 Be6 6. Qb3 b6 7. Nf3 dxc4 8.
Bxc4 Bxc4 9. Qxc4 Bd6 10. O-O O-O 11. Bg5 h6 12. Bh4 Nbd7 13. Rad1 Re8 14. Rfe1
Rxe1+ 15. Rxe1 Nf8 16. Ne4 Be7 17. Ne5 Ne6 18. Nc6 Qd7 19. Nxe7+ Qxe7 20. Nxf6+
gxf6 21. d5 Qc5 22. Qg4+ Ng5 23. Kh1 Qxd5 24. f4 Qxa2 25. fxg5 fxg5 26. Bg3
Qxb2 27. Qf3 Rc8 28. Be5 Qd2 29. Rf1 Qd7 30. Qf6 Kf8 31. Qg7+ Ke8 32. Qg8+ 1-0

[Event "Festival INGEM - PLZEŇ 2013"]
[Site "Plzeň (Česká republika)"]
[Date "2013.08.18"]
[Round "2.25"]
[White "Halla, Jiri"]
[Black "Jesensky, Jaromir"]
[Result "1/2-1/2"]
[WhiteElo "1816"]
[BlackElo "1578"]
[PlyCount "28"]
[EventDate "2013.08.17"]
[Source "ChessBase"]
[SourceDate "1996.11.15"]

1. b3 b6 2. Bb2 Bb7 3. c4 e6 4. Nc3 Nf6 5. e3 c5 6. Nf3 g6 7. Be2 Bg7 8. O-O
O-O 9. Qc2 Na6 10. a3 Nc7 11. d4 cxd4 12. Nxd4 Rc8 13. Rfd1 d5 14. e4 e5
1/2-1/2

[Event "Festival INGEM - PLZEŇ 2013"]
[Site "Plzeň (Česká republika)"]
[Date "2013.08.18"]
[Round "2.26"]
[White "Brunova, Blanka"]
[Black "Sroubova, Lenka"]
[Result "0-1"]
[WhiteElo "1576"]
[BlackElo "1802"]
[PlyCount "34"]
[EventDate "2013.08.17"]
[Source "ChessBase"]
[SourceDate "1996.11.15"]

1. d4 d5 2. c4 Nc6 3. Nc3 dxc4 4. d5 Ne5 5. Bf4 Ng6 6. Bg3 a6 7. e4 e5 8. Bxc4
Nf6 9. Nge2 Bd6 10. O-O O-O 11. f4 Ng4 12. Qd2 Bc5+ 13. Kh1 Ne3 14. Qd3 Nxf1
15. Rxf1 exf4 16. Nxf4 Ne5 17. Qe2 Bg4 0-1

[Event "Festival INGEM - PLZEŇ 2013"]
[Site "Plzeň (Česká republika)"]
[Date "2013.08.18"]
[Round "2.27"]
[White "Berka, Lubos"]
[Black "Bruna, Martin"]
[Result "1/2-1/2"]
[WhiteElo "1800"]
[BlackElo "1435"]
[PlyCount "46"]
[EventDate "2013.08.17"]
[Source "ChessBase"]
[SourceDate "1996.11.15"]

1. e4 c5 2. Nc3 Nc6 3. g3 g6 4. Bg2 Bg7 5. Nge2 d6 6. O-O Nf6 7. d3 O-O 8. Rb1
e5 9. f4 Nd4 10. h3 Be6 11. a3 a5 12. g4 exf4 13. Bxf4 Ne8 14. Qd2 Be5 15. Bh6
Ng7 16. Bg5 f6 17. Be3 f5 18. Bg5 Qd7 19. exf5 gxf5 20. gxf5 Bxf5 21. Nxd4
Bxd4+ 22. Kh2 Nh5 23. Nd5 Be5+ 1/2-1/2

[Event "Festival INGEM - PLZEŇ 2013"]
[Site "Plzeň (Česká republika)"]
[Date "2013.08.18"]
[Round "2.28"]
[White "Fakan, Petr"]
[Black "Ruzicka, Tomas"]
[Result "0-1"]
[WhiteElo "1490"]
[BlackElo "1782"]
[PlyCount "48"]
[EventDate "2013.08.17"]
[Source "ChessBase"]
[SourceDate "1996.11.15"]

1. d4 Nf6 2. Nf3 g6 3. c4 d5 4. Nc3 c6 5. e3 Bg7 6. Be2 O-O 7. O-O Bg4 8. h3
Bxf3 9. Bxf3 dxc4 10. e4 e6 11. Be3 Nbd7 12. Qd2 Qc7 13. Be2 b5 14. Rac1 Rad8
15. d5 exd5 16. exd5 Nb6 17. Bf4 Qd7 18. Bf3 Nbxd5 19. Nxd5 Nxd5 20. Bxd5 cxd5
21. Be3 d4 22. Rfe1 d3 23. b3 c3 24. Qd1 d2 0-1

[Event "Festival INGEM - PLZEŇ 2013"]
[Site "Plzeň (Česká republika)"]
[Date "2013.08.19"]
[Round "3.1"]
[White "Folk, Petr"]
[Black "Plischki, Sebastian"]
[Result "0-1"]
[WhiteElo "2218"]
[BlackElo "2421"]
[PlyCount "56"]
[EventDate "2013.08.17"]
[Source "ChessBase"]
[SourceDate "1996.11.15"]

1. e4 c5 2. Nf3 e6 3. d4 cxd4 4. Nxd4 a6 5. Nc3 d6 6. Be2 Nf6 7. a4 Be7 8. O-O
Qc7 9. f4 O-O 10. Kh1 b6 11. Bf3 Bb7 12. e5 dxe5 13. fxe5 Nfd7 14. Bf4 Nc6 15.
Nxc6 Bxc6 16. Bxc6 Qxc6 17. Qg4 f5 18. Qg3 Rfd8 19. Rad1 Nc5 20. Bg5 Rxd1 21.
Rxd1 Bf8 22. Rd4 b5 23. axb5 axb5 24. h4 b4 25. Rxb4 Ne4 26. Nxe4 Bxb4 27. Bh6
Bf8 28. Nc3 Qb6 0-1

[Event "Festival INGEM - PLZEŇ 2013"]
[Site "Plzeň (Česká republika)"]
[Date "2013.08.19"]
[Round "3.2"]
[White "Vlasak, Lukas"]
[Black "Fiala, Jaroslav"]
[Result "1/2-1/2"]
[WhiteElo "2339"]
[BlackElo "2193"]
[PlyCount "152"]
[EventDate "2013.08.17"]
[Source "ChessBase"]
[SourceDate "1996.11.15"]

1. e4 g6 2. d4 Bg7 3. Nc3 d6 4. f4 a6 5. Nf3 b5 6. Bd3 c5 7. dxc5 dxc5 8. e5
Bb7 9. Be3 Qc7 10. Be4 Nd7 11. O-O Rd8 12. Qe2 Nh6 13. Rad1 Bxe4 14. Nxe4 Qc6
15. Bf2 O-O 16. c4 Ng4 17. Bh4 Rfe8 18. Nc3 f6 19. Nd5 Kh8 20. h3 Nh6 21. Rfe1
Nf5 22. Bf2 fxe5 23. fxe5 bxc4 24. Qxc4 e6 25. Nb4 Qa4 26. Bxc5 Nxc5 27. Rxd8
Rxd8 28. Qxc5 Bf8 29. Qb6 Rd1 30. a3 Rxe1+ 31. Nxe1 Qd1 32. Nbd3 Qd2 33. Qf2
Qh6 34. g4 Ne7 35. Qf6+ Kg8 36. Qxe6+ Kh8 37. Qf6+ Kg8 38. Kg2 Qe3 39. Qf3 Qb6
40. Qe4 g5 41. Nf3 h6 42. Nd4 Qa5 43. Nf3 Kg7 44. e6 Qc7 45. Nde5 Qb6 46. Nc4
Qb3 47. Nfd2 Qd1 48. Qf3 Qxf3+ 49. Kxf3 Kf6 50. Ke4 Kxe6 51. Nf3 Bg7 52. Nd4+
Bxd4 53. Kxd4 Ng6 54. Ke4 Nf4 55. h4 Nd5 56. hxg5 hxg5 57. Ne3 Nf6+ 58. Kd4 Kd6
59. b4 Kc6 60. a4 Kd6 61. Kc4 Kc6 62. b5+ axb5+ 63. axb5+ Kb7 64. Kd4 Kc7 65.
Kc4 Kb7 66. Kc5 Ne4+ 67. Kb4 Nf6 68. Ka5 Ne4 69. b6 Nd6 70. Nd5 Kc6 71. Ne7+
Kb7 72. Ng6 Nc4+ 73. Kb5 Nxb6 74. Kc5 Kc7 75. Nf8 Na4+ 76. Kd5 Nc3+ 1/2-1/2

[Event "Festival INGEM - PLZEŇ 2013"]
[Site "Plzeň (Česká republika)"]
[Date "2013.08.19"]
[Round "3.3"]
[White "Simunek, Filip"]
[Black "Docekal, Jan"]
[Result "1-0"]
[WhiteElo "2129"]
[BlackElo "2306"]
[PlyCount "131"]
[EventDate "2013.08.17"]
[Source "ChessBase"]
[SourceDate "1996.11.15"]

1. d4 c5 2. d5 e5 3. e4 d6 4. Nc3 Be7 5. Bb5+ Bd7 6. a4 Nf6 7. Nf3 O-O 8. O-O
Na6 9. Bxa6 bxa6 10. Qd3 Qc8 11. Nd2 Nh5 12. Nc4 Rb8 13. b3 g5 14. Na5 Ng7 15.
Be3 f5 16. exf5 Bxf5 17. Ne4 Rb6 18. Nc4 Bxe4 19. Qxe4 Rb8 20. Rae1 Qd7 21. Bd2
Rbe8 22. Qd3 Bd8 23. Ne3 Qc8 24. Nc4 Qd7 25. Ne3 Qc8 26. Nc4 Qd7 27. Re4 Nh5
28. f3 Kh8 29. Ree1 Rg8 30. Ne3 Qc8 31. Ng4 Rg6 32. Qc4 Bf6 33. Nf2 Nf4 34. Ne4
Be7 35. Bxf4 gxf4 36. Kh1 Reg8 37. Re2 Rh6 38. Nf2 Rh4 39. Nh3 Rg6 40. b4 Qf5
41. bxc5 dxc5 42. Qe4 Rh5 43. Qxf5 Rxf5 44. Rb1 Rb6 45. Rxb6 axb6 46. c4 Kg7
47. Nf2 Kf8 48. Ne4 Bd8 49. Kg1 Rf7 50. Rb2 Ra7 51. Kf1 Ke8 52. Ke2 Rg7 53. Kd3
Rg6 54. a5 b5 55. cxb5 axb5 56. Rxb5 Rxg2 57. a6 Ra2 58. Nxc5 Be7 59. Rb8+ Kf7
60. Rb7 Ra3+ 61. Kc4 e4 62. Nxe4 Rxa6 63. d6 Ra4+ 64. Kb3 Rxe4 65. fxe4 f3 66.
Rxe7+ 1-0

[Event "Festival INGEM - PLZEŇ 2013"]
[Site "Plzeň (Česká republika)"]
[Date "2013.08.19"]
[Round "3.4"]
[White "Kozisek, Daniel"]
[Black "Haba, Zdenek"]
[Result "0-1"]
[WhiteElo "2078"]
[BlackElo "2241"]
[PlyCount "62"]
[EventDate "2013.08.17"]
[Source "ChessBase"]
[SourceDate "1996.11.15"]

1. e4 c5 2. Nf3 d6 3. d4 cxd4 4. Nxd4 Nf6 5. Nc3 a6 6. Bg5 e6 7. f4 Nbd7 8. Qf3
Qc7 9. Bxf6 Nxf6 10. g4 b5 11. g5 Nd7 12. O-O-O Bb7 13. f5 Ne5 14. Qf4 b4 15.
Nce2 exf5 16. Nxf5 g6 17. Ne3 Bg7 18. Nd4 O-O 19. Nd5 Bxd5 20. exd5 Qa5 21. Kb1
Qxd5 22. Be2 Qc5 23. Nb3 Qb6 24. h4 a5 25. h5 a4 26. Nd4 b3 27. cxb3 axb3 28.
Nxb3 Rxa2 29. Kxa2 Ra8+ 30. Kb1 Qxb3 31. Rc1 Nd3 0-1

[Event "Festival INGEM - PLZEŇ 2013"]
[Site "Plzeň (Česká republika)"]
[Date "2013.08.19"]
[Round "3.5"]
[White "Sabuk, Piotr"]
[Black "Kozak, Milos"]
[Result "1-0"]
[WhiteElo "2239"]
[BlackElo "2178"]
[PlyCount "81"]
[EventDate "2013.08.17"]
[Source "ChessBase"]
[SourceDate "1996.11.15"]

1. d4 Nf6 2. c4 e6 3. g3 c5 4. Nf3 cxd4 5. Nxd4 d5 6. Bg2 e5 7. Nf3 d4 8. O-O
Nc6 9. e3 d3 10. Nc3 Bc5 11. Ne1 Bf5 12. e4 Bg4 13. Qxd3 Nd4 14. h3 Bh5 15. g4
Bg6 16. Be3 Qd7 17. Rd1 O-O-O 18. Qb1 Bb4 19. Kh2 h5 20. g5 Ng4+ 21. Kh1 Qe6
22. Bxd4 exd4 23. Nd5 Bd6 24. f4 Ne3 25. Nxe3 dxe3 26. f5 Qe5 27. Nf3 Qg3 28.
Rxd6 Rxd6 29. fxg6 e2 30. Rg1 Rhd8 31. Qe1 Qxe1 32. Rxe1 Rd1 33. gxf7 Kd7 34.
Kg1 Ke7 35. Kf2 Rxe1 36. Kxe1 Rd1+ 37. Kxe2 Rb1 38. g6 Rxb2+ 39. Kf1 Rxa2 40.
Ng5 Ra6 41. Nh7 1-0

[Event "Festival INGEM - PLZEŇ 2013"]
[Site "Plzeň (Česká republika)"]
[Date "2013.08.19"]
[Round "3.6"]
[White "Roew, Rolf"]
[Black "Siembab, Bartosz"]
[Result "0-1"]
[WhiteElo "1819"]
[BlackElo "2223"]
[PlyCount "34"]
[EventDate "2013.08.17"]
[Source "ChessBase"]
[SourceDate "1996.11.15"]

1. e4 c5 2. c3 d5 3. exd5 Qxd5 4. d4 Nf6 5. Nf3 e6 6. Na3 cxd4 7. Nb5 Qd8 8.
Bf4 Nd5 9. Bxb8 Rxb8 10. Nxa7 dxc3 11. Ne5 Bd6 12. Bb5+ Kf8 13. Qd4 cxb2 14.
Rb1 Qa5+ 15. Kf1 Qc3 16. Qxc3 Nxc3 17. Rxb2 Bxe5 0-1

[Event "Festival INGEM - PLZEŇ 2013"]
[Site "Plzeň (Česká republika)"]
[Date "2013.08.19"]
[Round "3.7"]
[White "Neuman, Petr"]
[Black "Novy, Daniel"]
[Result "1-0"]
[WhiteElo "2516"]
[BlackElo "2021"]
[PlyCount "51"]
[EventDate "2013.08.17"]
[Source "ChessBase"]
[SourceDate "1996.11.15"]

1. e4 c5 2. Nc3 Nc6 3. Bb5 e5 4. d3 Nf6 5. f4 d6 6. Nf3 exf4 7. Bxf4 Be7 8. O-O
O-O 9. Qd2 d5 10. exd5 Nxd5 11. Bxc6 bxc6 12. Bg3 Bg4 13. Rae1 f5 14. Nxd5 cxd5
15. Ne5 Bg5 16. Bf4 Bf6 17. c3 Rc8 18. Nxg4 fxg4 19. Qe2 h5 20. Qe6+ Kh8 21.
Be5 Bg5 22. Qg6 Rxf1+ 23. Rxf1 Qe7 24. Rf5 Be3+ 25. Kh1 Re8 26. Bxg7+ 1-0